000 00336nam a2200157Ia 4500
003 0STCL
008 150530s9999 xx 000 0 und d
040 _aSTCL
_cSTCL
100 _aJames Thurber
245 _aOwl in the attic
260 _c1931
546 _aEnglish
942 _2ddc
_cBK
999 _c67776
_d67776
005 20220125171349.0